01001nam a2200265Ia 450000500170000000800570001702000180007404100080009208200190010010000370011924501020015625000220025830000490028052100370032965000400036665000300040665000570043665000400049370000200053326400590055333600270061233700330063933800280067204000350070020220317001550.000003022011 ck g spa spa a9789588296302 aspa04a398.9951bV17s1 aVargas, Sebastián Hugod1974-10aSabias palabras del orientebproverbios chinoscSebastián Vargas ; ilustraciones Pablo de Bella aPrimera edición a[27] páginasbilustraciones a colorc22 cm aRecomendados desde los 12 años142LEMBaCuentos argentinosySiglo XXI142LEMBaFilosofía china 142LEMBaValores (Filosofía)xCitas, máximas, etc. 142LEMBaProverbios y refranes chinos 1 aBella, Pablo de aBogotábEdiciones gato azulbCangrejo Editoresc2011 atextobtxt2rdacontent asin mediaciónbn2rdamedia avolumenbnc2rdacarrier aCO-BoRNBPbspaerdacCO-BoRNBP